| 000 | 00834cam a2200253 i 4500 | ||
|---|---|---|---|
| 001 | 10173 | ||
| 003 | KOSZ 005 | ||
| 005 | 20190827105457.0 | ||
| 008 | 070925s1968 pl a f 001 0 pol | ||
| 015 | _aPB 1969/70 | ||
| 040 |
_aWA N _cKOSZ 005/RW _dKOSZ 005/RW |
||
| 080 | _a621.3 | ||
| 100 | 1 |
_aKobosko, Edward _d(1906-1984). |
|
| 245 | 1 | 0 |
_aInżynieria elektryczna / _cEdward Kobosko. |
| 250 | _aWyd. 2 uzup. | ||
| 260 |
_aWarszawa : _bWydawnictwa Naukowo-Techniczne, _c1968. |
||
| 300 |
_a466, [1] s. : _bil. ; _c25 cm. |
||
| 380 | _aKsiążki | ||
| 504 | _aBibliogr. s. [459]. Indeks. | ||
| 650 | 4 | _aElektroenergetyka | |
| 710 | 2 |
_aWydawnictwa Naukowo-Techniczne _4pbl. |
|
| 856 |
_uhttp://koha.tu.koszalin.pl/cgi-bin/koha/opac-detail.pl?biblionumber=10173 _yKatalog online BPK |
||
| 942 |
_2UKD _cKS |
||
| 999 |
_c10173 _d10173 |
||